| 000 | 01259nam a2200337Ia 4500 | ||
|---|---|---|---|
| 001 | ebr10091338 | ||
| 003 | CaPaEBR | ||
| 006 | m u | ||
| 007 | cr cn||||||||| | ||
| 008 | 050427s2005 maua sb 001 0 eng d | ||
| 010 | _z 05048010 | ||
| 015 |
_aGBA538560 _2bnb |
||
| 020 | _z1596930683 | ||
| 020 | _z1580535151 (alk. paper) | ||
| 040 |
_aCaPaEBR _cCaPaEBR |
||
| 035 | _a(OCoLC)62294840 | ||
| 050 | 1 | 4 |
_aTK7871.67.A33 _bE49 2005eb |
| 100 | 1 | _aEl Zooghby, Ahmed. | |
| 245 | 1 | 0 |
_aSmart antenna engineering _h[electronic resource] / _cAhmed El Zooghby. |
| 260 |
_aBoston, MA : _bArtech House, _c2005. |
||
| 300 |
_axvii, 324 p. : _bill. |
||
| 490 | 1 | _aMobile communications series | |
| 504 | _aIncludes bibliographical references and index. | ||
| 533 |
_aElectronic reproduction. _bPalo Alto, Calif. : _cebrary, _d2009. _nAvailable via World Wide Web. _nAccess may be limited to ebrary affiliated libraries. |
||
| 650 | 0 | _aAdaptive antennas. | |
| 650 | 0 | _aSoftware radio. | |
| 655 | 7 |
_aElectronic books. _2local |
|
| 710 | 2 | _aebrary, Inc. | |
| 830 | 0 | _aArtech House mobile communications series. | |
| 856 | 4 | 0 |
_uhttp://site.ebrary.com/lib/rucke/Doc?id=10091338 _zAn electronic book accessible through the World Wide Web; click to view |
| 999 |
_c53291 _d53291 |
||